4001-筑豊電気鉄道の駅 - Statistics

General Stats
  • This quiz has been taken 54 times
  • The average score is 15 of 21
Answer Stats
本線 % Correct
黒崎駅前
100%
筑豊直方
100%
西黒崎
88%
筑豊中間
88%
永犬丸
79%
感田
79%
筑豊香月
73%
楠橋
73%
新木屋瀬
73%
木屋瀬
73%
三ヶ森
70%
通谷
70%
熊西
67%
萩原
67%
穴生
67%
希望が丘高校前
67%
森下
64%
西山
64%
東中間
64%
今池
61%
遠賀野
61%
No matching quizzes found
Score Distribution
Percent of People with Each Score
Percentile by Number Answered
Your Score History
You have not taken this quiz